[Event "Hamburg-chT Landesliga 1213"]
[Site "Hamburg"]
[Date "2013.04.14"]
[Round "9.1"]
[White "Bertram, Andreas"]
[Black "Wolloner, Thomas"]
[Result "0-1"]
[WhiteElo "2183"]
[BlackElo "2140"]
[PlyCount "73"]
[EventDate "2012.10.14"]
[EventType "team-tourn"]
[EventRounds "9"]
[EventCountry "GER"]
[SourceTitle "EXT 2022"]
[Source "ChessBase"]
[SourceDate "2021.10.06"]
[SourceVersion "1"]
[SourceVersionDate "2021.10.06"]
[SourceQuality "1"]
[WhiteTeam "Hamburg Bille"]
[BlackTeam "St Pauli II"]
[WhiteTeamCountry "GER"]
[BlackTeamCountry "GER"]

1. e4 e5 2. Nc3 Nf6 3. Bc4 Bc5 4. d3 0-0 5. h3 c6 6. Bb3 d6 7. Nge2 b5 8. Ng3 a5 9. a4 b4 10. Nce2 Be6 11. Bxe6 fxe6 12. Be3 Bxe3 13. fxe3 Qb6 14. Qd2 Nfd7 15. Ng1 Na6 16. Nf3 b3 17. c3 Nc7 18. 0-0 Qa6 19. Ra3 Rab8 20. Qd1 Nc5 21. Ne1 Rxf1+ 22. Nxf1 d5 23. exd5 cxd5 24. Ng3 Rf8 25. e4 Qd6 26. Ra1 d4 27. Rc1 Qb6 28. c4 Nxa4 29. Qd2 Nc5 30. Nf3 Nd7 31. Qg5 h6 32. Qe7 Rf7 33. Qd8+ Kh7 34. Rf1 Nd5 35. Ng5+ hxg5 36. Qe8 Rxf1+ 37. Nxf1 0-1

[Event "Hamburg St Pauli op-A"]
[Site "Hamburg"]
[Date "2010.07.16"]
[Round "7"]
[White "Wolloner, Thomas"]
[Black "Zobel, Andrej"]
[Result "1/2-1/2"]
[WhiteElo "2156"]
[BlackElo "2048"]
[PlyCount "38"]
[EventDate "2010.07.10"]
[EventType "swiss"]
[EventRounds "9"]
[EventCountry "GER"]
[SourceTitle "EXT 2013"]
[Source "ChessBase"]
[SourceDate "2012.11.22"]
[SourceVersion "1"]
[SourceVersionDate "2012.11.22"]
[SourceQuality "1"]

1. Nf3 d5 2. c4 d4 3. b4 f6 4. e3 c5 5. bxc5 e5 6. exd4 exd4 7. Ba3 Nc6 8. Bd3 Nh6 9. 0-0 Be7 10. Be4 Be6 11. Qb3 Qd7 12. d3 0-0 13. Bd5 Bf7 14. Nbd2 Rfd8 15. Bxf7+ Nxf7 16. Rab1 Rab8 17. Rfe1 Qc7 18. Qa4 Nce5 19. c6 Bxa3 1/2-1/2

[Event "Hamburg St Pauli op-A"]
[Site "Hamburg"]
[Date "2010.07.10"]
[Round "1"]
[White "Wolloner, Thomas"]
[Black "Nobis, Martina"]
[Result "1-0"]
[WhiteElo "2156"]
[BlackElo "1943"]
[PlyCount "62"]
[EventDate "2010.07.10"]
[EventType "swiss"]
[EventRounds "9"]
[EventCountry "GER"]
[SourceTitle "EXT 2013"]
[Source "ChessBase"]
[SourceDate "2012.11.22"]
[SourceVersion "1"]
[SourceVersionDate "2012.11.22"]
[SourceQuality "1"]

1. Nf3 d5 2. c4 e6 3. g3 Nf6 4. Bg2 c6 5. b3 Be7 6. Bb2 0-0 7. 0-0 c5 8. e3 Nc6 9. Na3 Qa5 10. d3 Rd8 11. Qe2 a6 12. Nc2 b5 13. Rfd1 Bb7 14. Ne5 Qc7 15. Nxc6 Bxc6 16. e4 bxc4 17. bxc4 Rab8 18. exd5 exd5 19. Be5 Qd7 20. Bxb8 Rxb8 21. Ne3 Ba4 22. Rdb1 Rxb1+ 23. Rxb1 dxc4 24. Rb8+ Ne8 25. dxc4 Qd6 26. Rb7 g6 27. Nd5 Bf8 28. Rb6 Qd8 29. Rxa6 Bd7 30. Ra8 Qg5 31. f4 Qf5 1-0

[Event "Vienna op-A 15th"]
[Site "Vienna"]
[Date "2006.07.29"]
[Round "1"]
[White "Haas, Bernhard"]
[Black "Wolloner, Thomas"]
[Result "0-1"]
[WhiteElo "1937"]
[BlackElo "2154"]
[PlyCount "74"]
[EventDate "2006.07.29"]
[EventType "swiss"]
[EventRounds "9"]
[EventCountry "AUT"]
[SourceTitle "CBM 113 Extra"]
[Source "ChessBase"]
[SourceDate "2006.09.14"]
[SourceVersion "1"]
[SourceVersionDate "2006.09.14"]
[SourceQuality "1"]

1. d4 Nf6 2. c4 c5 3. d5 e5 4. Nc3 d6 5. e4 Be7 6. Bd3 0-0 7. Nge2 a6 8. 0-0 Ne8 9. f4 exf4 10. Nxf4 Nd7 11. b3 Bf6 12. Bb2 Bd4+ 13. Kh1 Ne5 14. Qd2 Qh4 15. Nfe2 Ng4 16. h3 Be3 17. Qe1 Nf2+ 18. Rxf2 Bxf2 19. Qd2 Bxh3 20. Qf4 Bg4+ 21. Qh2 Nf6 22. Rf1 Bxe2 23. Nxe2 Ng4 24. Qxh4 Bxh4 25. Bc2 Ne3 26. Rc1 Nxc2 27. Rxc2 Rae8 28. e5 dxe5 29. Nc3 f5 30. Na4 e4 31. Nxc5 f4 32. Ne6 Rxe6 33. dxe6 Re8 34. Re2 Rxe6 35. Kh2 Bg3+ 36. Kh3 h5 37. Rd2 g5 0-1

[Event "Bargteheide op 6th"]
[Site "Bargteheide"]
[Date "2003.05.31"]
[Round "4"]
[White "Hebbinghaus, Holger"]
[Black "Wolloner, Thomas"]
[Result "1-0"]
[WhiteElo "2273"]
[BlackElo "2276"]
[PlyCount "59"]
[EventDate "2003.05.29"]
[EventType "swiss"]
[EventRounds "7"]
[EventCountry "GER"]
[SourceTitle "CBM 094 Extra"]
[Source "ChessBase"]
[SourceDate "2003.07.09"]
[SourceVersion "2"]
[SourceVersionDate "2003.07.09"]
[SourceQuality "1"]

1. e4 c5 2. Nc3 e6 3. f4 Nc6 4. Nf3 a6 5. g3 d5 6. d3 b5 7. Bg2 b4 8. exd5 exd5 9. Qe2+ Nge7 10. Nxd5 Qxd5 11. Ne5 Qe6 12. Nxc6 Qxe2+ 13. Kxe2 Bb7 14. Nxe7 Bxg2 15. Rg1 Bb7 16. Nf5 0-0-0 17. b3 c4 18. bxc4 Bc5 19. Be3 Rhe8 20. Kf2 Bf8 21. Bb6 Rd7 22. Rge1 Re6 23. Rxe6 fxe6 24. Nd4 Rf7 25. Nxe6 Be7 26. Bc5 Bf6 27. Bd4 Be7 28. Nxg7 Kd7 29. Re1 Bf6 30. Ne6 1-0

[Event "Pinneberg-ch op"]
[Site "Pinneberg"]
[Date "2001.09.20"]
[Round "4"]
[White "Bokelbrink, Uwe"]
[Black "Wolloner, Thomas"]
[Result "1-0"]
[WhiteElo "2276"]
[BlackElo "2310"]
[PlyCount "57"]
[EventDate "2001.08.30"]
[EventType "swiss"]
[EventRounds "7"]
[EventCountry "GER"]
[SourceTitle "EXT 2002"]
[Source "ChessBase"]
[SourceDate "2001.11.25"]
[SourceVersion "1"]
[SourceVersionDate "2001.11.25"]
[SourceQuality "1"]

1. e4 c5 2. Nf3 e6 3. d4 cxd4 4. Nxd4 Nc6 5. Nxc6 bxc6 6. Bd3 d5 7. 0-0 Nf6 8. Nd2 Be7 9. Qe2 0-0 10. Re1 Nd7 11. c4 Ne5 12. Bc2 dxc4 13. Nf3 Nd3 14. Rd1 Ba6 15. Be3 Qa5 16. Bd4 e5 17. Bc3 Qb6 18. Nxe5 Rad8 19. Bxd3 cxd3 20. Qg4 g6 21. Rd2 Qc7 22. Rad1 Qc8 23. Qxc8 Rxc8 24. g3 f5 25. exf5 Rxf5 26. Nxd3 Rcf8 27. Ne5 Bc5 28. Ng4 Rf4 29. Nh6# 1-0

[Event "Budapest Spring op 17th"]
[Site "Budapest"]
[Date "2001.03.19"]
[Round "4"]
[White "Wolloner, Thomas"]
[Black "Gladyszev, Oleg"]
[Result "0-1"]
[WhiteElo "2310"]
[BlackElo "2345"]
[PlyCount "82"]
[EventDate "2001.03.16"]
[EventType "swiss"]
[EventRounds "9"]
[EventCountry "HUN"]
[SourceTitle "CBM 081 Extra"]
[Source "ChessBase"]
[SourceDate "2001.05.06"]
[SourceVersion "1"]
[SourceVersionDate "2001.05.06"]
[SourceQuality "1"]

1. e4 c5 2. Nc3 e6 3. f4 Nc6 4. Nf3 a6 5. d3 b5 6. g4 d5 7. Bg2 Bb7 8. 0-0 Nf6 9. g5 dxe4 10. dxe4 Qxd1 11. Rxd1 Nd7 12. Be3 Nb6 13. b3 Be7 14. a4 b4 15. Ne2 Na5 16. Ng3 0-0 17. Rd2 Rfd8 18. Rad1 Rxd2 19. Rxd2 Kf8 20. h4 Ke8 21. h5 Nd7 22. g6 hxg6 23. hxg6 fxg6 24. Bh3 Nf8 25. Ne5 Rc8 26. Bf1 Nc6 27. Nxc6 Rxc6 28. e5 Rc7 29. Bd3 Rd7 30. Rh2 Kf7 31. Nf1 Rc7 32. Nd2 Nd7 33. Nc4 Rc8 34. Na5 Bd5 35. Bxa6 Ra8 36. Bb5 Rxa5 37. Bxd7 c4 38. Rh8 Bc5 39. Be8+ Ke7 40. Bxc5+ Rxc5 41. bxc4 Rxc4 0-1

[Event "Landesliga Sued 9798"]
[Site "Bayern"]
[Date "1997.10.19"]
[Round "1.5"]
[White "Wolloner, Thomas"]
[Black "Wagner, Simon"]
[Result "1/2-1/2"]
[WhiteElo "2155"]
[BlackElo "1950"]
[PlyCount "118"]
[EventDate "1997.10.19"]
[EventType "team-tourn"]
[EventRounds "9"]
[EventCountry "GER"]
[SourceTitle "EXT 2020"]
[Source "ChessBase"]
[SourceDate "2019.10.17"]
[SourceVersion "1"]
[SourceVersionDate "2019.10.17"]
[SourceQuality "1"]
[WhiteTeam "Landshut"]
[BlackTeam "Groebenzell"]
[WhiteTeamCountry "GER"]
[BlackTeamCountry "GER"]

1. e4 c5 2. Nc3 e6 3. f4 d5 4. Nf3 Nf6 5. e5 Ng8 6. d4 Nc6 7. Be3 c4 8. Qd2 a6 9. Be2 h5 10. 0-0 Nh6 11. g3 Nf5 12. Nd1 b5 13. Bf2 Qb6 14. h3 Bb4 15. c3 Be7 16. g4 hxg4 17. hxg4 Nh6 18. Ne3 g6 19. Kg2 Bd7 20. Rh1 0-0-0 21. b4 Rdg8 22. a4 bxa4 23. Bh4 Qd8 24. Bg5 Qf8 25. Rxa4 Nb8 26. Raa1 Bd8 27. Rh3 f6 28. exf6 Nf7 29. Rah1 Rxh3 30. Rxh3 Nd6 31. f7 Nxf7 32. Bxd8 Qxd8 33. Rh7 Nd6 34. Ne5 Rh8 35. Rxh8 Qxh8 36. Bf3 Qf6 37. g5 Qxf4 38. N3xc4 Qxd2+ 39. Nxd2 Be8 40. Bg4 Nf5 41. Bxf5 exf5 42. Nb3 Nd7 43. Nxd7 Bxd7 44. Kg3 Kc7 45. Nc5 Bb5 46. Ne6+ Kd6 47. Nf4 Be8 48. Nd3 Bb5 49. Ne5 Be8 50. Kf4 Ke6 51. Ke3 Kd6 52. Nd3 Bb5 53. Nc5 Bf1 54. Kf4 Be2 55. Nb7+ Kc7 56. Nc5 Kd6 57. Nb3 Ke6 58. Nd2 Kd6 59. Ke3 Bb5 1/2-1/2

[Event "Landesliga Sued 9697"]
[Site "Bayern"]
[Date "1997.04.13"]
[Round "8"]
[White "Bromberger, Stefan"]
[Black "Wolloner, Thomas"]
[Result "1-0"]
[WhiteElo "2140"]
[BlackElo "2105"]
[PlyCount "59"]
[EventDate "1996.10.13"]
[EventType "team-tourn"]
[EventRounds "9"]
[EventCountry "GER"]
[SourceTitle "EXT 2020"]
[Source "ChessBase"]
[SourceDate "2019.10.17"]
[SourceVersion "1"]
[SourceVersionDate "2019.10.17"]
[SourceQuality "1"]
[WhiteTeam "Starnberg SC"]
[BlackTeam "Landshut"]
[WhiteTeamCountry "GER"]
[BlackTeamCountry "GER"]

1. e4 e6 2. d3 d5 3. Nd2 c5 4. Ngf3 Nc6 5. g3 Nf6 6. Bg2 Be7 7. 0-0 0-0 8. Re1 b5 9. e5 Nd7 10. Nf1 a5 11. h4 Ba6 12. Bf4 b4 13. N1h2 a4 14. a3 Qb6 15. Ng5 h6 16. Qh5 hxg5 17. hxg5 g6 18. Qh3 Rfd8 19. Ng4 Nd4 20. Nf6+ Nxf6 21. gxf6 Bf8 22. g4 Rd7 23. Kh2 c4 24. Bh6 Qb8 25. c3 bxc3 26. bxc3 Ne2 27. Rxe2 cxd3 28. Bxf8 dxe2 29. Bg7 Qxe5+ 30. f4 1-0

[Event "Landesliga Sued 9697"]
[Site "Bayern"]
[Date "1997.03.02"]
[Round "7"]
[White "Wolloner, Thomas"]
[Black "Reisch, Stefan"]
[Result "0-1"]
[WhiteElo "2105"]
[BlackElo "2005"]
[PlyCount "100"]
[EventDate "1996.10.13"]
[EventType "team-tourn"]
[EventRounds "9"]
[EventCountry "GER"]
[SourceTitle "EXT 2020"]
[Source "ChessBase"]
[SourceDate "2019.10.17"]
[SourceVersion "1"]
[SourceVersionDate "2019.10.17"]
[SourceQuality "1"]
[WhiteTeam "Landshut"]
[BlackTeam "Haunstetten TSV"]
[WhiteTeamCountry "GER"]
[BlackTeamCountry "GER"]

1. e4 c5 2. Nc3 Nc6 3. Bb5 e6 4. Bxc6 dxc6 5. d3 e5 6. f4 exf4 7. Bxf4 Ne7 8. Nf3 Bg4 9. h3 Ng6 10. Be3 Bxf3 11. Qxf3 Be7 12. 0-0 0-0 13. Ne2 b6 14. Rad1 Qd7 15. Ng3 Rad8 16. Nh5 Qe6 17. Bd2 Bd6 18. Qf5 Be5 19. Qxe6 fxe6 20. Rxf8+ Kxf8 21. Bg5 Rd7 22. Rf1+ Rf7 23. c3 Rxf1+ 24. Kxf1 Kf7 25. Ke2 Nf8 26. Kf3 Nd7 27. Be3 Bd6 28. Nf4 Ne5+ 29. Ke2 g5 30. Nh5 Kg6 31. g4 c4 32. d4 Nd3 33. e5 Be7 34. b3 b5 35. bxc4 bxc4 36. Ng3 c5 37. Ne4 cxd4 38. cxd4 Nb4 39. Nc3 Nd5 40. Bd2 Bd8 41. Kd1 Bb6 42. Ne2 h6 43. Kc2 Kf7 44. Be1 Ke8 45. h4 Ne3+ 46. Kb2 Nxg4 47. hxg5 hxg5 48. Bd2 Nf2 49. Bxg5 Kd7 50. Be3 Nd1+ 0-1

[Event "Landesliga Sued 9697"]
[Site "Bayern"]
[Date "1997.01.12"]
[Round "4"]
[White "Wolloner, Thomas"]
[Black "Moser, Wolfgang"]
[Result "1-0"]
[WhiteElo "2105"]
[BlackElo "1758"]
[PlyCount "65"]
[EventDate "1996.10.13"]
[EventType "team-tourn"]
[EventRounds "9"]
[EventCountry "GER"]
[SourceTitle "EXT 2020"]
[Source "ChessBase"]
[SourceDate "2019.10.17"]
[SourceVersion "1"]
[SourceVersionDate "2019.10.17"]
[SourceQuality "1"]
[WhiteTeam "Landshut"]
[BlackTeam "Trostberg TSV"]
[WhiteTeamCountry "GER"]
[BlackTeamCountry "GER"]

1. Nf3 Nf6 2. g3 d5 3. Bg2 c6 4. 0-0 g6 5. d3 Bg7 6. Nbd2 0-0 7. e4 Na6 8. Re1 Bg4 9. h3 Be6 10. Ng5 Nc7 11. Nxe6 Nxe6 12. Nb3 Qc7 13. e5 Nd7 14. d4 Nb6 15. h4 Rfd8 16. h5 c5 17. hxg6 hxg6 18. Bh3 Nxd4 19. Nxd4 cxd4 20. e6 f5 21. Bf4 Qc6 22. g4 Rf8 23. gxf5 Qe8 24. Kh1 gxf5 25. Rg1 Kh7 26. Rxg7+ Kxg7 27. Qxd4+ Rf6 28. Rg1+ Qg6 29. Rxg6+ Kxg6 30. Be5 Rxe6 31. Qf4 Rf8 32. Bxf5+ Rxf5 33. Qg4+ 1-0